• 首页
  • 本馆介绍
  • 公告通知
  • 最新文献
  • 馆藏检索
  • 电子资源
  • 读者导购
  • 参考咨询
  • 我的图书馆
  • 登录
  • 详细信息显示
  • 放入我的书架
  • 预约/预借图书
  • 作者相关作品
  • 分类相关作品
  • 丛书相关作品
  • 出版社相关作品

书目信息

  • 表格格式
  • 工作单格式
  • 卡片格式
题名:
天演论
    
 
作者: 赫胥黎 著
分册:  
出版信息: 北京   商务印书馆  
页数:
开本:
丛书名:
单 册:
中图分类: B561.43
科图分类:
主题词: 哲学--欧洲
电子资源:
ISBN:
000 00482nam0 2200193 450
001 0563354585
005 20060718105649.17
010    @dCNY0.80
100    @a20051124d km y0chiy0120 ea
101 0  @achi
102    @aCN@b110000
200 1  @a天演论@Atian yan lun@f赫胥黎 著@Fhe xu li zhu
210    @c商务印书馆@a北京
606 0  @a哲学@x欧洲
690    @aB561.43@v3
701  0 @a赫胥黎@Ahe xu li@4著
801  0 @aCN@bPFT@c20060718
905    @a10447@dB561.43@e5
906    @d12@n0@r1
    
    天演论/赫胥黎 著.-商务印书馆;北京
    
    
    
    ISBN :CNY0.80
    
●
相关链接 在E读中查询图书 在五车中查询图书 在当当中查询图书 在豆瓣中查询图书


正题名:天演论     索取号:B561.43/5         预约/预借

序号 登录号 条形码 馆藏地/架位号 状态 备注
1 0424363   204243639   密集书库/ [索取号:B561.43/5] 在馆    
唐山师范学院图书馆 欢迎您!
大连网信软件有限公司© 版权所有